Seguidor Solar

Guardat en:
Dades bibliogràfiques
Autor principal: Rivera Brenes, Rafael
Format: Desconegut
Publicat: [San José, Costa Rica] 1979
Etiquetes: Afegir etiqueta
Sense etiquetes, Sigues el primer a etiquetar aquest registre!

MARC

LEADER 00000 a2200000 4500
003 001060
005 20221231143737.0
008 140114s1979 c a m 000 ||s d
040 |c cru CEDI 
090 |a TFG 863 
100 |a Rivera Brenes, Rafael  |9 16172 
245 |a Seguidor Solar 
260 |c 1979  |a [San José, Costa Rica] 
300 |a 40 hojas ;ilustraciones  
500 |a A la Cabeza de la portada. Universidad de Costa Rica. Facultad de Ingeniería. Escuela de Ingeniería Eléctrica. Proyecto eléctrico I 
942 |c TFG 
999 |c 11147  |d 11147